Football en 20 GIFS #7 - Qui marque le but ? - Statistiques

Statistiques générales
  • Ce quiz a été pris 72 fois
  • Le résultat moyen est 14 sur 20
Statistiques - réponses
Hint Réponse % Correct
Roberto Firmino
95%
Oscar
93%
Christophe Jallet
92%
Jordan Ayew
81%
Quentin Merlin
81%
Mika Biereth
80%
Alessandro Del Piero
75%
Mamadou Niang
75%
Kevin-Prince Boateng
71%
Elano
64%
Linda Caicedo
64%
Jérémy Livolant
63%
Youri Djorkaeff
61%
Dado Pršo
58%
Mikkel Damsgaard
58%
Carli Lloyd
56%
Johan Vonlanthen
54%
Corentin Jean
51%
Hristo Stoitchkov
47%
Timmy Simons
36%
Aucun quiz correspondant
Distribution des résultats
% des personnes avec chaque résultat
Percentile par nombre de réponses
Votre historique - résultats
Vous n’avez pas pris ce quiz